[Event "Sunnyvale Independence Day op"]
[Site "Sunnyvale"]
[Date "2023.07.01"]
[Round "2"]
[White "Morris Suzuki, Sophie"]
[Black "Goktepe, Derin"]
[Result "1/2-1/2"]
[WhiteElo "2165"]
[BlackElo "2084"]
[PlyCount "55"]
[EventDate "2023.06.30"]
[EventType "swiss"]
[EventRounds "9"]
[EventCountry "USA"]
[SourceTitle "EXT 2024"]
[Source "ChessBase"]
[SourceDate "2023.10.10"]
[SourceVersion "1"]
[SourceVersionDate "2023.10.10"]
[SourceQuality "1"]

1. d4 Nf6 2. c4 e6 3. Nc3 Bb4 4. e3 0-0 5. a3 Bxc3+ 6. bxc3 c5 7. Bd3 Nc6 8. Ne2 b6 9. 0-0 Ba6 10. e4 Ne8 11. Ng3 Na5 12. f4 cxd4 13. cxd4 Bxc4 14. Bxc4 Nxc4 15. f5 exf5 16. Nxf5 d5 17. e5 Kh8 18. Qh5 Qd7 19. Rf3 Qe6 20. Rh3 Qg6 21. Qf3 Qe6 22. Qd3 Qg6 23. Rg3 Qe6 24. Bg5 f6 25. exf6 Nxf6 26. Nxg7 Qe4 27. Bxf6 Qxd3 28. Rxd3 1/2-1/2

[Event "USA-ch (Women)"]
[Site "Saint Louis"]
[Date "2022.10.12"]
[Round "7"]
[White "Morris Suzuki, Sophie"]
[Black "Paikidze, Nazi"]
[Result "0-1"]
[WhiteElo "2126"]
[BlackElo "2354"]
[PlyCount "78"]
[EventDate "2022.10.05"]
[EventType "tourn"]
[EventRounds "13"]
[EventCountry "USA"]
[EventCategory "2"]
[SourceTitle "CBM 210 Extra"]
[Source "ChessBase"]
[SourceDate "2022.11.30"]
[SourceVersion "1"]
[SourceVersionDate "2022.11.30"]
[SourceQuality "1"]

1. e4 c6 2. d4 d5 3. e5 Bf5 4. h4 h5 5. c4 e6 6. Nc3 Nd7 7. cxd5 cxd5 8. Nge2 Ne7 9. Ng3 Bg6 10. Bd3 Bxd3 11. Qxd3 Nc6 12. Bg5 Qb6 13. Nge2 a6 14. 0-0 Be7 15. Be3 Bxh4 16. Rab1 Be7 17. a3 Na5 18. b4 Nc4 19. Nf4 Qc6 20. a4 b5 21. Ra1 Rc8 22. axb5 axb5 23. Rfc1 Bxb4 24. Nfe2 Be7 25. f4 g6 26. Bf2 b4 27. Nd1 Qb7 28. Rab1 Ra8 29. Rb3 0-0 30. Ne3 Nxe3 31. Qxe3 Rfc8 32. Rxc8+ Qxc8 33. f5 exf5 34. e6 Ra1+ 35. Kh2 Nf6 36. exf7+ Kxf7 37. Qf4 Ng4+ 38. Kg3 h4+ 39. Kf3 Rf1 0-1

[Event "USA-ch (Women)"]
[Site "Saint Louis"]
[Date "2022.10.11"]
[Round "6"]
[White "Wu, Rochelle"]
[Black "Morris Suzuki, Sophie"]
[Result "0-1"]
[WhiteElo "2317"]
[BlackElo "2126"]
[PlyCount "120"]
[EventDate "2022.10.05"]
[EventType "tourn"]
[EventRounds "13"]
[EventCountry "USA"]
[EventCategory "2"]
[SourceTitle "CBM 210 Extra"]
[Source "ChessBase"]
[SourceDate "2022.11.30"]
[SourceVersion "1"]
[SourceVersionDate "2022.11.30"]
[SourceQuality "1"]

1. d4 d5 2. Nc3 e6 3. Bf4 a6 4. e3 Nf6 5. g4 Bb4 6. Bd3 c5 7. dxc5 Nc6 8. Nf3 Qa5 9. Qd2 Nd7 10. Bd6 Nxc5 11. Bxc5 Qxc5 12. a3 Ba5 13. 0-0 Bd7 14. Na4 Qd6 15. b4 Bc7 16. Nc5 Bc8 17. e4 Nd4 18. Kg2 Nxf3 19. Kxf3 b6 20. Nb3 Bb7 21. Qe3 0-0 22. Ke2 f5 23. e5 Qxe5 24. gxf5 exf5 25. Qxe5 Bxe5 26. Rab1 Rae8 27. Kd2 Rc8 28. f4 Bc3+ 29. Ke2 Rce8+ 30. Kf2 Bf6 31. Kg1 d4 32. Rbe1 Be4 33. Nd2 Bh4 34. Re2 Bxd3 35. Rxe8 Rxe8 36. cxd3 Re3 37. Rc1 Rxd3 38. Rc8+ Kf7 39. Nc4 Bf6 40. Nxb6 Rc3 41. Kf2 Rxa3 42. Ra8 Ra2+ 43. Kf1 d3 44. Nc4 Ra1+ 45. Kf2 Bd4+ 46. Kg3 Rc1 47. Nd6+ Ke6 48. Rxa6 Ra1 49. Rxa1 Bxa1 50. Nc4 Kd5 51. Ne3+ Ke4 52. Nd1 Bd4 53. b5 d2 54. h3 g6 55. Kg2 Kxf4 56. Kf1 Kf3 57. h4 f4 58. h5 g5 59. b6 Bxb6 60. h6 g4 0-1

[Event "USA-ch U20 Girls"]
[Site "Saint Louis"]
[Date "2022.07.11"]
[Round "5"]
[White "Morris Suzuki, Sophie"]
[Black "Wang, Ellen"]
[Result "1-0"]
[WhiteElo "2055"]
[BlackElo "2040"]
[PlyCount "91"]
[EventDate "2022.07.07"]
[EventType "tourn"]
[EventRounds "9"]
[EventCountry "USA"]
[SourceTitle "CBM 209 Extra"]
[Source "ChessBase"]
[SourceDate "2022.09.30"]
[SourceVersion "1"]
[SourceVersionDate "2022.09.30"]
[SourceQuality "1"]

1. e4 c5 2. Nf3 e6 3. d4 cxd4 4. Nxd4 Nf6 5. Bd3 Nc6 6. Nxc6 bxc6 7. 0-0 d5 8. Nd2 Bd6 9. Qe2 Qc7 10. Nf3 dxe4 11. Bxe4 Nxe4 12. Qxe4 0-0 13. b3 f5 14. Qc4 Kh8 15. Be3 e5 16. Bc5 e4 17. Rfd1 Bxc5 18. Qxc5 Be6 19. Nd4 Bg8 20. Nxf5 Qf4 21. Ng3 Rae8 22. Qe3 Qe5 23. c3 Rf4 24. Rd2 a5 25. Re1 h6 26. Qd4 Qg5 27. Qe3 Qe5 28. h3 Bh7 29. Qd4 Qg5 30. Re3 Bg6 31. Ne2 Rff8 32. Rg3 Qf5 33. Qe3 c5 34. c4 Rd8 35. Nf4 Bf7 36. Qc3 Qf6 37. Nd5 Bxd5 38. cxd5 Qf7 39. Qxc5 Rc8 40. Qd4 Rc1+ 41. Kh2 Re1 42. d6 h5 43. d7 h4 44. Rxg7 Qxg7 45. d8Q Rxd8 46. Qxd8+ 1-0

[Event "USA-ch U20 Girls"]
[Site "Saint Louis"]
[Date "2022.07.09"]
[Round "3"]
[White "Morris Suzuki, Sophie"]
[Black "Prasanna, Gracy"]
[Result "1-0"]
[WhiteElo "2055"]
[BlackElo "1956"]
[PlyCount "129"]
[EventDate "2022.07.07"]
[EventType "tourn"]
[EventRounds "9"]
[EventCountry "USA"]
[SourceTitle "CBM 209 Extra"]
[Source "ChessBase"]
[SourceDate "2022.09.30"]
[SourceVersion "1"]
[SourceVersionDate "2022.09.30"]
[SourceQuality "1"]

1. e4 e5 2. Nf3 Nc6 3. Bb5 a6 4. Ba4 Nf6 5. 0-0 Be7 6. Re1 b5 7. Bb3 d6 8. c3 0-0 9. h3 Na5 10. Bc2 c5 11. d4 cxd4 12. cxd4 Qc7 13. Nc3 Bb7 14. d5 h6 15. Ne2 Rfe8 16. Ng3 Bc8 17. b3 Nb7 18. Bd2 Nc5 19. b4 Ncd7 20. a4 Nb6 21. axb5 axb5 22. Rxa8 Nxa8 23. Bd3 Bd7 24. Qe2 Qb7 25. Rc1 Nh7 26. Be1 Nc7 27. Nd2 Bg5 28. Rc2 Bxd2 29. Bxd2 Ra8 30. Qf3 Ra3 31. Kf1 Ne8 32. Ke2 Nef6 33. Nf5 Qa6 34. Rc7 Qb6 35. Rxd7 Nxd7 36. Qg4 g5 37. Nxh6+ Kg7 38. Nf5+ Kf8 39. Qh5 Ndf6 40. Qh6+ Ke8 41. Be3 Qa6 42. Ng7+ Kd7 43. Nh5 Rxd3 44. Kxd3 Ke7 45. Ke2 Nxe4 46. Qxh7 Qa2+ 47. Kf3 Nd2+ 48. Bxd2 Qxd2 49. g4 Qd1+ 50. Kg2 Qxd5+ 51. Kh2 Qd2 52. Qf5 Qxb4 53. Qxg5+ Kd7 54. Qf5+ Ke7 55. Qf6+ Kd7 56. Qxf7+ Kc6 57. g5 Qh4 58. Qf3+ e4 59. Qg4 Qxf2+ 60. Qg2 Qd4 61. g6 Qe5+ 62. Kh1 Qa1+ 63. Qg1 Qc3 64. Nf4 Qf3+ 65. Qg2 1-0

[Event "USA-ch U20 Girls"]
[Site "Saint Louis"]
[Date "2022.07.08"]
[Round "2"]
[White "Wu, Rochelle"]
[Black "Morris Suzuki, Sophie"]
[Result "0-1"]
[WhiteElo "2216"]
[BlackElo "2055"]
[PlyCount "64"]
[EventDate "2022.07.07"]
[EventType "tourn"]
[EventRounds "9"]
[EventCountry "USA"]
[SourceTitle "CBM 209 Extra"]
[Source "ChessBase"]
[SourceDate "2022.09.30"]
[SourceVersion "1"]
[SourceVersionDate "2022.09.30"]
[SourceQuality "1"]

1. d4 Nf6 2. c4 g6 3. f3 Bg7 4. e4 d6 5. Nc3 0-0 6. Be3 c5 7. Nge2 Nc6 8. d5 Ne5 9. Ng3 h5 10. Be2 h4 11. Nf1 e6 12. a4 exd5 13. cxd5 h3 14. g3 a6 15. Nd2 Bd7 16. 0-0 b5 17. axb5 axb5 18. Rxa8 Qxa8 19. Nxb5 Bxb5 20. Bxb5 Rb8 21. Be2 Rxb2 22. f4 Qa3 23. Bf2 Qb4 24. Be1 Nd3 25. Bxd3 Qd4+ 26. Rf2 Qxd3 27. Qf3 Qxf3 28. Rxf3 Ng4 29. e5 dxe5 30. d6 e4 31. d7 Bd4+ 32. Bf2 Bf6 0-1

[Event "Speed Chess (Women) Q2"]
[Site "Chess.com INT"]
[Date "2022.05.26"]
[Round "14"]
[White "Morris Suzuki, Sophie"]
[Black "Balabayeva, Kseniya"]
[Result "0-1"]
[WhiteElo "2067"]
[BlackElo "2177"]
[PlyCount "112"]
[EventDate "2022.05.26"]
[EventType "swiss (blitz)"]
[EventRounds "14"]
[EventCountry "USA"]
[SourceTitle "CBM 208 Extra"]
[Source "ChessBase"]
[SourceDate "2022.07.31"]
[SourceVersion "1"]
[SourceVersionDate "2022.07.31"]
[SourceQuality "1"]

1. e4 c6 2. Nf3 d5 3. Nc3 dxe4 4. Nxe4 Nf6 5. Nxf6+ exf6 6. Bc4 Be7 7. 0-0 0-0 8. b3 Bg4 9. Bb2 Nd7 10. Re1 Nb6 11. Bf1 Bd6 12. h3 Bd7 13. d4 Qc7 14. c4 c5 15. d5 Rae8 16. Qd2 Bf4 17. Qc2 Nc8 18. Bd3 h6 19. Nh4 Nd6 20. g3 Be5 21. Kg2 Qc8 22. Rh1 Re7 23. Rae1 Rfe8 24. Bc1 a6 25. Nf3 b5 26. cxb5 axb5 27. Ba3 Nb7 28. Nxe5 Rxe5 29. Rc1 Rxd5 30. Be4 Rde5 31. Bf3 Bc6 32. Qd1 Rf5 33. Bxc6 Qxc6+ 34. Kg1 Rd8 35. Qg4 Rfd5 36. Kh2 Rd2 37. Rhf1 Qb6 38. Qf3 b4 39. Rce1 bxa3 40. Re7 Nd6 41. Rfe1 Rxa2 42. Qe3 Rb2 43. Qc1 Rxb3 44. Qd1 Rb2 45. Qc1 Rxf2+ 46. Kg1 c4 47. R1e3 Rb2 48. Kh1 a2 49. Kg1 Rb1 50. Kg2 Rxc1 51. Re8+ Rxe8 52. Rxe8+ Nxe8 53. g4 a1Q 54. h4 Qab2+ 55. Kf3 Q6b3+ 56. Kf4 Qe5# 0-1

[Event "Speed Chess (Women) Q2"]
[Site "Chess.com INT"]
[Date "2022.05.26"]
[Round "12"]
[White "Morris Suzuki, Sophie"]
[Black "Bodnaruk, Anastasia"]
[Result "1-0"]
[WhiteElo "2067"]
[BlackElo "2396"]
[PlyCount "123"]
[EventDate "2022.05.26"]
[EventType "swiss (blitz)"]
[EventRounds "14"]
[EventCountry "USA"]
[SourceTitle "CBM 208 Extra"]
[Source "ChessBase"]
[SourceDate "2022.07.31"]
[SourceVersion "1"]
[SourceVersionDate "2022.07.31"]
[SourceQuality "1"]

1. e4 c5 2. Nf3 d6 3. d4 cxd4 4. Nxd4 Nf6 5. Nc3 a6 6. Bg5 Nbd7 7. Qd2 h6 8. Bh4 e6 9. f4 Qc7 10. 0-0-0 Be7 11. Bd3 b5 12. Rhe1 g5 13. fxg5 Nh7 14. Nf5 hxg5 15. Bg3 Ne5 16. Bxb5+ axb5 17. Nxb5 Qc5 18. Nfxd6+ Bxd6 19. Qxd6 Qxd6 20. Nxd6+ Ke7 21. Bxe5 Rd8 22. Kb1 Bd7 23. Nb7 Rdc8 24. c3 f6 25. Bg3 e5 26. Nd6 Rc6 27. Nf5+ Ke8 28. Rd6 Nf8 29. Rxc6 Bxc6 30. b4 Ne6 31. Kb2 Bd7 32. c4 Bc6 33. Kb3 Ba4+ 34. Kb2 Rb8 35. a3 Bc6 36. Kc3 Rc8 37. Kb3 Rb8 38. b5 Nc5+ 39. Kc3 Bxe4 40. Nd6+ Ke7 41. Nxe4 Na4+ 42. Kb4 Nb6 43. c5 Nd5+ 44. Kc4 Rd8 45. c6 f5 46. Nxg5 f4 47. Nf3 fxg3 48. hxg3 Nb6+ 49. Kc5 Na4+ 50. Kb4 Nb6 51. Nxe5 Nd5+ 52. Kc5 Nc3 53. Nd3+ Kf6 54. Kc4 Na4 55. c7 Rc8 56. Rf1+ Kg5 57. Kb4 Nb6 58. Nc5 Kg4 59. Ne6 Nd5+ 60. Kc5 Nxc7 61. Nxc7 Rxc7+ 62. Kd6 1-0

[Event "Speed Chess (Women) Q2"]
[Site "Chess.com INT"]
[Date "2022.05.26"]
[Round "7"]
[White "Morris Suzuki, Sophie"]
[Black "Gong, Qianyun"]
[Result "0-1"]
[WhiteElo "2067"]
[BlackElo "2348"]
[PlyCount "78"]
[EventDate "2022.05.26"]
[EventType "swiss (blitz)"]
[EventRounds "14"]
[EventCountry "USA"]
[SourceTitle "CBM 208 Extra"]
[Source "ChessBase"]
[SourceDate "2022.07.31"]
[SourceVersion "1"]
[SourceVersionDate "2022.07.31"]
[SourceQuality "1"]

1. e4 e6 2. d4 d5 3. e5 c5 4. c3 Nc6 5. Nf3 Qb6 6. Bd3 cxd4 7. h4 Bd7 8. h5 h6 9. 0-0 Rc8 10. Re1 dxc3 11. Nxc3 Bc5 12. Qe2 Nd4 13. Nxd4 Bxd4 14. Bf4 Ne7 15. Bg3 0-0 16. Rac1 f5 17. exf6 Rxf6 18. Rf1 Rcf8 19. Bh4 R6f7 20. Bxe7 Rxf2 21. Bh7+ Kh8 22. Rxf2 Rxf2 23. Qd3 Rd2+ 24. Kh2 Rxd3 25. Bxd3 Be5+ 26. Kh1 Qe3 27. Rd1 Qg3 28. Kg1 Bd4+ 29. Kh1 Bf6 30. Bc5 Bc6 31. Ne2 Qh4+ 32. Kg1 Qxh5 33. Rf1 d4 34. Nf4 Qxc5 35. Ng6+ Kg8 36. b4 Qg5 37. Nf4 Be5 38. Bc4 Bxf4 39. Bxe6+ Kh8 0-1

[Event "Titled Tuesday intern op 05th Apr Late"]
[Site "Chess.com INT"]
[Date "2022.04.05"]
[Round "11"]
[White "Morris Suzuki, Sophie"]
[Black "Foisor, Sabina Francesca"]
[Result "1-0"]
[WhiteElo "2067"]
[BlackElo "2208"]
[PlyCount "73"]
[EventDate "2022.04.05"]
[EventType "swiss (blitz)"]
[EventRounds "11"]
[EventCountry "USA"]
[SourceTitle "CBM 207 Extra"]
[Source "ChessBase"]
[SourceDate "2022.05.31"]
[SourceVersion "1"]
[SourceVersionDate "2022.05.31"]
[SourceQuality "1"]

1. d4 d5 2. c4 e6 3. Nc3 a6 4. Qc2 Nf6 5. cxd5 exd5 6. Bg5 Be7 7. e3 Nc6 8. a3 h6 9. Bh4 Be6 10. Bd3 Qd7 11. Nf3 Nh5 12. Bxe7 Qxe7 13. 0-0 0-0 14. Ne5 Nxe5 15. dxe5 g6 16. f4 Ng7 17. e4 d4 18. Ne2 c5 19. f5 Bxf5 20. exf5 Qxe5 21. fxg6 fxg6 22. Bxg6 b5 23. Qe4 Qxe4 24. Bxe4 Rae8 25. Bd5+ Kh8 26. Nf4 Kh7 27. Bc6 Re5 28. Nd3 Rxf1+ 29. Rxf1 Re6 30. Bd5 Rd6 31. Be4+ Kg8 32. Nxc5 Nh5 33. Bd3 Kg7 34. Re1 Nf6 35. Re6 Rd5 36. Nxa6 Ng4 37. Rg6+ 1-0

[Event "Titled Tuesday intern op 05th Apr Late"]
[Site "Chess.com INT"]
[Date "2022.04.05"]
[Round "7"]
[White "Morris Suzuki, Sophie"]
[Black "Jarocka, Liwia"]
[Result "1-0"]
[WhiteElo "2067"]
[BlackElo "2006"]
[PlyCount "69"]
[EventDate "2022.04.05"]
[EventType "swiss (blitz)"]
[EventRounds "11"]
[EventCountry "USA"]
[SourceTitle "CBM 207 Extra"]
[Source "ChessBase"]
[SourceDate "2022.05.31"]
[SourceVersion "1"]
[SourceVersionDate "2022.05.31"]
[SourceQuality "1"]

1. d4 Nf6 2. c4 e6 3. Nc3 Bb4 4. e3 0-0 5. a3 Bxc3+ 6. bxc3 d5 7. Bd3 c5 8. Ne2 dxc4 9. Bxc4 b6 10. 0-0 Bb7 11. Bb2 Nbd7 12. a4 Rc8 13. Bd3 e5 14. a5 Re8 15. Ng3 c4 16. Bc2 b5 17. Nf5 Nf8 18. Ba3 Re6 19. a6 Ba8 20. Bc5 g6 21. Ng3 N8d7 22. Bxa7 Qc7 23. Bc5 Nxc5 24. dxc5 Qxc5 25. Ra5 Qc6 26. e4 Qb6 27. Qa1 Rc7 28. a7 Ree7 29. Ra6 Qc5 30. Rxf6 Rxa7 31. Qc1 Kg7 32. Rf3 Ra2 33. Bb1 Raa7 34. Qg5 Qd6 35. Nf5+ 1-0

[Event "Titled Tuesday intern op 05th Apr Late"]
[Site "Chess.com INT"]
[Date "2022.04.05"]
[Round "4"]
[White "Morris Suzuki, Sophie"]
[Black "Karttunen, Mika"]
[Result "0-1"]
[WhiteElo "2067"]
[BlackElo "2489"]
[PlyCount "104"]
[EventDate "2022.04.05"]
[EventType "swiss (blitz)"]
[EventRounds "11"]
[EventCountry "USA"]
[SourceTitle "CBM 207 Extra"]
[Source "ChessBase"]
[SourceDate "2022.05.31"]
[SourceVersion "1"]
[SourceVersionDate "2022.05.31"]
[SourceQuality "1"]

1. d4 Nf6 2. c4 g6 3. Nc3 d5 4. cxd5 Nxd5 5. e4 Nxc3 6. bxc3 Bg7 7. Bc4 0-0 8. Ne2 c5 9. 0-0 Nc6 10. Be3 Na5 11. Bd3 c4 12. Bc2 e5 13. Qd2 f5 14. f4 exd4 15. cxd4 fxe4 16. Bxe4 Bf5 17. Ng3 Bxe4 18. Nxe4 Re8 19. Nf2 Qd5 20. Ng4 Nc6 21. Ne5 Rad8 22. Rad1 b5 23. Qe2 Qe4 24. Qf2 Nxe5 25. dxe5 c3 26. Bxa7 b4 27. Rde1 Qc4 28. Qc5 Qxa2 29. Rf2 Rd2 30. Ref1 b3 31. Qxc3 Rxf2 32. Bxf2 b2 33. Qc2 Rb8 34. Qb1 Qb3 35. Bd4 Bf8 36. Rf2 Qd5 37. Bxb2 Bc5 38. Qe1 Rxb2 39. h3 Bxf2+ 40. Qxf2 Rxf2 41. Kxf2 Qe4 42. Kg3 Kf7 43. Kg4 h5+ 44. Kg3 Qe3+ 45. Kh2 Qxf4+ 46. Kg1 Qxe5 47. h4 Qe2 48. g3 Ke6 49. g4 Ke5 50. g5 Kf4 51. Kh1 Kg3 52. Kg1 Qe1# 0-1

[Event "Titled Tuesday intern op 05th Apr Late"]
[Site "Chess.com INT"]
[Date "2022.04.05"]
[Round "3"]
[White "Rorrer, Grayson"]
[Black "Morris Suzuki, Sophie"]
[Result "0-1"]
[WhiteElo "2204"]
[BlackElo "2067"]
[PlyCount "116"]
[EventDate "2022.04.05"]
[EventType "swiss (blitz)"]
[EventRounds "11"]
[EventCountry "USA"]
[SourceTitle "CBM 207 Extra"]
[Source "ChessBase"]
[SourceDate "2022.05.31"]
[SourceVersion "1"]
[SourceVersionDate "2022.05.31"]
[SourceQuality "1"]

1. e4 c5 2. Nf3 e6 3. d4 cxd4 4. Nxd4 Nc6 5. Nc3 a6 6. Be3 Nf6 7. Qf3 Ne5 8. Qg3 d6 9. 0-0-0 h5 10. f4 h4 11. Qe1 Neg4 12. Bg1 Nh5 13. f5 b5 14. Kb1 Bd7 15. Be2 Ne5 16. Be3 b4 17. g4 Nf6 18. g5 Nfg4 19. g6 Nxe3 20. gxf7+ Kxf7 21. fxe6+ Bxe6 22. Qf2+ Ke7 23. Qxe3 bxc3 24. Nxe6 Kxe6 25. Qh3+ Ke7 26. Qxc3 Rc8 27. Qd4 Qc7 28. c3 Qc5 29. Qd2 Rh6 30. Qg5+ Rf6 31. Rhf1 Nf7 32. Qxh4 Qg5 33. Qh3 Rb8 34. Rxf6 gxf6 35. Qd3 Qb5 36. Qd2 Qb7 37. Bd3 Ne5 38. b3 Nxd3 39. Qxd3 Qc7 40. c4 Kd7 41. Qh3+ Kd8 42. Qf5 Qe7 43. h4 Qe5 44. Qf3 Be7 45. Rd5 Qe6 46. h5 Kd7 47. h6 Rh8 48. Rh5 Qf7 49. Qf5+ Qe6 50. Qf3 Qf7 51. Qh3+ Ke8 52. Qc8+ Bd8 53. Qxa6 Qxh5 54. Qxd6 Be7 55. Qe6 Qf7 56. Qc8+ Bd8 57. Qc6+ Qd7 58. Qc5 Rxh6 0-1

[Event "Titled Tuesday intern op 15 Mar Late"]
[Site "Chess.com INT"]
[Date "2022.03.15"]
[Round "11"]
[White "Jaferian, Koosha"]
[Black "Morris Suzuki, Sophie"]
[Result "0-1"]
[WhiteElo "2227"]
[BlackElo "2067"]
[PlyCount "108"]
[EventDate "2022.03.15"]
[EventType "swiss (blitz)"]
[EventRounds "11"]
[EventCountry "USA"]
[SourceTitle "CBM 207 Extra"]
[Source "ChessBase"]
[SourceDate "2022.05.31"]
[SourceVersion "1"]
[SourceVersionDate "2022.05.31"]
[SourceQuality "1"]

1. Nf3 c5 2. b3 b6 3. g3 Bb7 4. Bg2 e6 5. Bb2 d6 6. c4 Nf6 7. 0-0 Be7 8. d4 cxd4 9. Nxd4 Bxg2 10. Kxg2 Qc8 11. Nc3 Qb7+ 12. f3 a6 13. e4 Nbd7 14. Qe2 0-0 15. f4 Rfe8 16. g4 g6 17. g5 Nh5 18. h4 Bf8 19. Rad1 e5 20. Nd5 exd4 21. Bxd4 Bg7 22. Qb2 Rxe4 23. Bxg7 Nxg7 24. Qa3 Nf5 25. Kh3 Rae8 26. Qa4 b5 27. Qb4 Re3+ 28. Kh2 Re2+ 29. Kg1 Qa7+ 30. Kh1 Rxa2 31. Qc3 Ree2 32. Qh3 Qc5 33. Nc3 Rh2+ 34. Qxh2 Rxh2+ 35. Kxh2 bxc4 36. Ne4 Qe3 37. Rfe1 Qxf4+ 38. Kg1 Qg4+ 39. Kf2 Qxh4+ 40. Kg1 Qg4+ 41. Kf2 Qf4+ 42. Kg1 cxb3 43. Nc3 Qxg5+ 44. Kf2 Qf4+ 45. Ke2 Qb4 46. Nd5 Qc4+ 47. Kf2 b2 48. Ne3 Qc5 49. Rb1 Ne5 50. Rxb2 Nd3+ 51. Ke2 Qxe3+ 52. Kd1 Qxe1+ 53. Kc2 Nxb2 54. Kxb2 Qb4+ 0-1

[Event "Titled Tuesday intern op 15 Mar Late"]
[Site "Chess.com INT"]
[Date "2022.03.15"]
[Round "2"]
[White "Morris Suzuki, Sophie"]
[Black "Magallanes, Rey Jomar"]
[Result "0-1"]
[WhiteElo "2067"]
[BlackElo "2049"]
[PlyCount "60"]
[EventDate "2022.03.15"]
[EventType "swiss (blitz)"]
[EventRounds "11"]
[EventCountry "USA"]
[SourceTitle "CBM 207 Extra"]
[Source "ChessBase"]
[SourceDate "2022.05.31"]
[SourceVersion "1"]
[SourceVersionDate "2022.05.31"]
[SourceQuality "1"]

1. d4 d5 2. c4 e6 3. Nc3 Nf6 4. cxd5 exd5 5. Bg5 Be7 6. Qc2 0-0 7. e3 Nc6 8. a3 Be6 9. Bd3 h6 10. Bh4 a6 11. Nge2 Re8 12. 0-0 Bd6 13. f3 Rc8 14. Kh1 Na5 15. e4 dxe4 16. fxe4 Be7 17. d5 Bg4 18. b4 Nxd5 19. Bxe7 Ne3 20. Bxd8 Nxc2 21. Bxc2 Nc4 22. Bh4 Ne3 23. Rfc1 g5 24. Bf2 Nc4 25. Bb3 Ne5 26. Nd5 Kg7 27. Nd4 Nd3 28. Rf1 c5 29. bxc5 Rxe4 30. Bg1 Be2 0-1

[Event "Titled Tuesday intern op 15 Mar Late"]
[Site "Chess.com INT"]
[Date "2022.03.15"]
[Round "4"]
[White "Piliczewski, Bogusz"]
[Black "Morris Suzuki, Sophie"]
[Result "0-1"]
[WhiteElo "1938"]
[BlackElo "2067"]
[PlyCount "134"]
[EventDate "2022.03.15"]
[EventType "swiss (blitz)"]
[EventRounds "11"]
[EventCountry "USA"]
[SourceTitle "CBM 207 Extra"]
[Source "ChessBase"]
[SourceDate "2022.05.31"]
[SourceVersion "1"]
[SourceVersionDate "2022.05.31"]
[SourceQuality "1"]

1. d4 d5 2. Nf3 Nf6 3. c4 dxc4 4. e3 Bg4 5. Bxc4 e6 6. Qb3 Bxf3 7. gxf3 c5 8. Qxb7 Nbd7 9. Nc3 cxd4 10. exd4 Be7 11. Bf4 0-0 12. Bc7 Qe8 13. Bb5 Bb4 14. 0-0-0 Qe7 15. Rd3 Rac8 16. Ba6 Bxc3 17. bxc3 Nc5 18. dxc5 Rxc7 19. Qb4 Nd5 20. Qd4 Rxc5 21. Rg1 f6 22. Bc4 Rfc8 23. Bxd5 Rxd5 24. Qe3 Qa3+ 25. Kd2 Qxa2+ 26. Ke1 Qb1+ 27. Ke2 Qc2+ 28. Qd2 Qb3 29. Rxd5 exd5 30. Rc1 Re8+ 31. Kf1 Qc4+ 32. Kg2 Re2 33. Qd4 Qxd4 34. cxd4 Re7 35. Rc5 Rd7 36. Rc8+ Kf7 37. Ra8 Ke6 38. Kf1 Kd6 39. Ke2 Kc6 40. Rc8+ Kb5 41. Rc5+ Kb6 42. Ke3 a5 43. Kd3 Rc7 44. Rxd5 a4 45. Rd6+ Kb5 46. Rd8 Ra7 47. Rb8+ Kc6 48. Kc2 a3 49. Kb1 a2+ 50. Ka1 Kd5 51. Rd8+ Kc4 52. d5 Kc5 53. d6 Kc6 54. f4 Rd7 55. Rc8+ Kxd6 56. Kxa2 Ke6 57. Rc5 Rd4 58. f5+ Kf7 59. Kb3 Ke7 60. Kc3 Rd7 61. Ra5 Kd6 62. Kd4 Kc6+ 63. Ke4 Kb6 64. Ra3 Kc6 65. Rc3+ Kb7 66. Rb3+ Kc7 67. Rc3+ Kd8 0-1

[Event "Titled Tuesday intern op 08th Mar Late"]
[Site "Chess.com INT"]
[Date "2022.03.08"]
[Round "8"]
[White "Andersson, Bjorn2222"]
[Black "Morris Suzuki, Sophie"]
[Result "1-0"]
[WhiteElo "2131"]
[BlackElo "2067"]
[PlyCount "143"]
[EventDate "2022.03.08"]
[EventType "swiss (blitz)"]
[EventRounds "11"]
[EventCountry "USA"]
[SourceTitle "CBM 207 Extra"]
[Source "ChessBase"]
[SourceDate "2022.05.31"]
[SourceVersion "1"]
[SourceVersionDate "2022.05.31"]
[SourceQuality "1"]

1. e4 c5 2. Nf3 e6 3. d4 cxd4 4. Nxd4 a6 5. Bd3 Bc5 6. Nb3 Be7 7. 0-0 d6 8. Kh1 Nd7 9. f4 Ngf6 10. Nc3 Qc7 11. f5 0-0 12. Bg5 Ne5 13. Qe2 b5 14. Nd4 Bd7 15. Nd1 Rac8 16. c3 Qb7 17. Nf2 Nxd3 18. Qxd3 e5 19. Bxf6 Bxf6 20. Nb3 b4 21. c4 Qc7 22. Nd2 a5 23. b3 a4 24. Ng4 Bg5 25. Nf3 Be7 26. Ne3 Bc6 27. Nd5 Bxd5 28. Qxd5 Qd7 29. Nxe5 Qc7 30. Ng4 Qc5 31. f6 Qxd5 32. exd5 Bxf6 33. Nxf6+ gxf6 34. Rxf6 Ra8 35. Rb1 axb3 36. axb3 Rfd8 37. h4 Ra3 38. Rf3 Kg7 39. Rbf1 Rd7 40. Kh2 Kg6 41. Kh3 f5 42. g4 fxg4+ 43. Kxg4 h5+ 44. Kg3 Rg7 45. Re1 Rf7 46. Re6+ Kg7 47. Rfe3 Rd7 48. Kf4 Ra1 49. Re7+ Rxe7 50. Rxe7+ Kh6 51. Re6+ Kg7 52. Rxd6 Rb1 53. Rb6 Rxb3 54. d6 Kf7 55. c5 Ke6 56. Ke4 Rc3 57. Kd4 Rc1 58. Rb8 Rh1 59. Re8+ Kd7 60. Re7+ Kd8 61. c6 Rxh4+ 62. Kc5 Rg4 63. Rh7 Rg5+ 64. Kb6 Ke8 65. d7+ Kd8 66. Rh8+ Ke7 67. d8Q+ Ke6 68. Qxg5 b3 69. Rh6+ Kf7 70. Qg6+ Kf8 71. Rh7 b2 72. Qf7# 1-0

[Event "Titled Tuesday intern op 08th Feb Late"]
[Site "Chess.com INT"]
[Date "2022.02.08"]
[Round "2"]
[White "Einarsson, Halldor Gretar"]
[Black "Morris Suzuki, Sophie"]
[Result "1-0"]
[WhiteElo "2207"]
[BlackElo "2067"]
[PlyCount "127"]
[EventDate "2022.02.08"]
[EventType "swiss (blitz)"]
[EventRounds "11"]
[EventCountry "USA"]
[SourceTitle "CBM 206 Extra"]
[Source "ChessBase"]
[SourceDate "2022.03.31"]
[SourceVersion "1"]
[SourceVersionDate "2022.03.31"]
[SourceQuality "1"]

1. d4 d5 2. Nf3 e6 3. c4 Nf6 4. g3 Be7 5. Bg2 0-0 6. 0-0 dxc4 7. Ne5 Nc6 8. Nxc6 bxc6 9. Na3 Bxa3 10. bxa3 Ba6 11. Qd2 Rb8 12. Qa5 Rb6 13. a4 Qe7 14. Bf4 Rfb8 15. Qc5 Qd7 16. Bd2 Nd5 17. Ba5 Rb2 18. e4 Nb6 19. e5 Bb7 20. Bc3 Nxa4 21. Qa3 Nxc3 22. Qxb2 Nb5 23. a4 Nxd4 24. Rfd1 c5 25. Bxb7 c6 26. Rab1 Qc7 27. Rxd4 cxd4 28. Qxd4 h6 29. Qd6 Rxb7 30. Qxc7 Rxc7 31. Rc1 c5 32. Rxc4 Kf8 33. f4 Ke7 34. Kf2 Kd7 35. Ke3 Kc6 36. Kd3 Kd5 37. Kc3 Rb7 38. a5 Rb5 39. Ra4 a6 40. Ra2 Kc6 41. Kc4 Rb4+ 42. Kc3 Kb5 43. Rd2 Kxa5 44. Rd7 Re4 45. Rxf7 Re2 46. Re7 Rxh2 47. Rxe6 Rg2 48. Rg6 Kb5 49. Kd3 c4+ 50. Ke3 c3 51. e6 Rd2 52. Rxg7 Rd6 53. f5 c2 54. Rc7 Rc6 55. Rxc6 Kxc6 56. Kd2 Kd6 57. Kxc2 Ke7 58. g4 Kf6 59. Kb3 h5 60. gxh5 a5 61. Ka4 Kxf5 62. e7 Kg5 63. e8Q Kh6 64. Qg6# 1-0